Reading in the Qur`an (Record no. 6229)
[ view plain ]
| 000 -LEADER | |
|---|---|
| fixed length control field | 00659nam a2200241 a 4500 |
| 020 ## - INTERNATIONAL STANDARD BOOK NUMBER | |
| ISBN | 0000874 |
| 082 00 - DEWEY DECIMAL CLASSIFICATION NUMBER | |
| Classification number | 297.122521 |
| Author Cutter | CRA |
| 100 ## - MAIN ENTRY--AUTHOR NAME | |
| Author name | Cragg, Kenneth |
| 245 ## - TITLE STATEMENT | |
| Title | Reading in the Qur`an |
| Sub title | Selected and Translated With an Introductory Essay. |
| 260 ## - PUBLICATION, DISTRIBUTION, ETC. (IMPRINT) | |
| Place of publication | London |
| Name of publisher | Collins Religious Pub. |
| Year of publication | 1993 |
| 300 ## - PHYSICAL DESCRIPTION | |
| Number of Pages | 389p. |
| 500 ## - GENERAL NOTE | |
| General note | includes index and biblioraphy |
| 505 2# - FORMATTED CONTENTS NOTE | |
| Formatted contents note | appendix, indices. |
| 650 ## - SUBJECT ADDED ENTRY--TOPICAL TERM | |
| Topical Term | Quran-Appreciation |
| 942 ## - ADDED ENTRY ELEMENTS (KOHA) | |
| Koha item type | Books |
| 700 1# - | |
| -- | Cragg, Kenneth |
| Collection code | Home library | Current library | Date acquired | Cost, normal purchase price | Full call number | Accession Number | Koha item type |
|---|---|---|---|---|---|---|---|
| Henry Martyn Institute Library | Henry Martyn Institute Library | 07/31/2007 | 70.00 | 297.122521 CRA | 014741 | Books |
